| 000 | 00650nam a22002057a 4500 | ||
|---|---|---|---|
| 003 | PILC | ||
| 005 | 20150601153740.0 | ||
| 008 | 150601b xxu||||| |||| 00| 0 eng d | ||
| 020 | _a9781285194981 | ||
| 020 | _a9781285750644 | ||
| 050 |
_aLB 1632 _b.F671 2014 |
||
| 100 | _aFolse, Keith S. | ||
| 245 |
_aGreat writing : _bFoundations / _cKeith S. Folse. |
||
| 260 |
_aBoston : _bNational Geographic Learning, _c2014. |
||
| 300 |
_axx, 297 pages : _billustrations (chiefly color) ; _c27 cm. |
||
| 500 | _aIncludes appendix and index. | ||
| 650 |
_aWriting _xStudy and teaching. |
||
| 650 |
_a English language _xWriting. |
||
| 942 |
_2lcc _cBK _kFOR |
||
| 999 |
_c284565 _d284565 |
||